Online Catalogue and eLibrary

Sociological and Anthropological Writings (Record no. 1451)

MARC details
000 -LEADER
fixed length control field 00475nam a2200193Ia 4500
005 - DATE AND TIME OF LATEST TRANSACTION
control field 20250317060117.0
008 - FIXED-LENGTH DATA ELEMENTS--GENERAL INFORMATION
fixed length control field 240331s9999 xx 000 0 und d
020 ## - INTERNATIONAL STANDARD BOOK NUMBER
ISBN 9559767844
082 ## - DDC Classification
Item Number - Author Mark MAL
DDC Edition Number 4837
Class No. 301
100 ## - MAIN ENTRY--PERSONAL NAME
Personal name Mallikarachchi, D
245 #0 - TITLE STATEMENT
Title Sociological and Anthropological Writings
260 ## - PUBLICATION, DISTRIBUTION, ETC.
Name of publisher, distributor, etc. Desmond Mallikarachchi,
Date of publication, distribution, etc. 2003
300 ## - PHYSICAL DESCRIPTION
Extent (e.g. Volumes, Pages etc.) ix, 153 p.,
650 ## - SUBJECT ADDED ENTRY--TOPICAL TERM
Topical term or geographic name entry element Sociology
650 ## - SUBJECT ADDED ENTRY--TOPICAL TERM
Topical term or geographic name entry element Politics
650 ## - SUBJECT ADDED ENTRY--TOPICAL TERM
Topical term or geographic name entry element Religion
650 ## - SUBJECT ADDED ENTRY--TOPICAL TERM
Topical term or geographic name entry element Class
942 ## - Koha item type (Biblio)
Koha item type Books in Stacks (Lending)
Holdings
Lost status Damaged status Collection code Home library Current library Shelving location Date acquired Full call number Accession Number Item type
    Lending WERC Library WERC Library Social Science Cupboard 03/31/2024 301 MAL 4837 Books in Stacks (Lending)

© WERC Library